000 00292nam a2200097Ia 4500
008 220120s9999||||xx |||||||||||||| ||und||
100 _aAmanyu R.N and others
_912670
245 0 _aPneumatically actuating rammer
260 _aCoorg Institute of Technology
_bPonnampet
_c2017
650 _aMECHANICAL
999 _c138269
_d138269